00920 a2200217 45000010006000000050017000060080041000230030015000640400040000790800059001192450066001780200018002442640094002623000019003565050171003750410008005461000025005547000024005797000027006037000072006303724820260407155641.0260407a1996 arg spa dAR-UNSa-BCEJYS aAR-UNSa-BCEJYSbspacAR-UNSa-BCEJYS a330.322.14xInversión pública. Inversión estatal10aLa programación de la inversión pública en la Argentina a987-99661-5-5 1aBuenos Aires :bFIEL (Fundación de Investigaciones Económicas Latinoamericanas)c1996 a215 p.c23 cm. a1. La inversión pública. Aspectos conceptuales - 2. La inversión pública en la Argentina - 3. La experiencia internacional - 4. Conclusiones y recomendaciones aspa1 aSturzenegger, Adolfo1 aSalinardi, Mario A.1 aSturzenegger, Federico1 aFundación de Investigaciones Económicas Latinoamericanas (FIEL)